000
00303nam a22001217a 4500
008
180606b xxu||||| |||| 00| 0 eng d
041
_a
eng
080
_a
043.3
100
_a
0
101
_a
ARK-MTH
245
_a
Promoting energy efficiency in residential buildings in Kosovo
_c
Vula,B
942
_2
udc
_c
BK
999
_c
46399
_d
46399